00947cgm a22002655a 450000500170000000800390001702000150005604100080007108200210007911000430010024500860014325000220022930000460025149000290029765000550032665000580038165000530043994200200049226400310051233600270054333700330057033800280060304000350063199900150066620220316235800.0030611s2003 ck 023 g s00 vuspa a95896889180 aspa04a394.508615bF42 2 aCorporación Identidad Cultural9728310aFiesta patronal de San BenitohvideograbacióncCorporación Identidad Cultural aPrimera edición a1 videocasete (23 minutos)bsonido, color0 aAcontecer afrocolombiano14aFiestas religiosas zColombiavVideocasetes 2LEMB14aMúsica folclórica zColombiavVideocasetes 2LEMB14aCulturazChocó (Colombia)vVideocasetes 2LEMB 2ddccVIDEOCASET aBogotábCorpidencuc2003 atextobtxt2rdacontent asin mediaciónbn2rdamedia avolumenbnc2rdacarrier aCO-BoRNBPbspaerdacCO-BoRNBP c2143d2143